The construction of houses ; series II ; walls I (revised) [video recording]
| Format: | Book |
|---|---|
| Published: |
Bristol :
University of the west of England ,
1999
|
| Series: | The construction of houses series II
|
| Subjects: |
MARC
| LEADER | 00000cam a2200000 7i4500 | ||
|---|---|---|---|
| 001 | 0000014162 | ||
| 005 | 20220223.0 | ||
| 040 | |a INS | ||
| 090 | 0 | 0 | |a TH8120 1999 |
| 245 | 1 | 4 | |a The construction of houses ; series II ; walls I (revised) [video recording] |
| 260 | |a Bristol : |b University of the west of England , |c 1999 | ||
| 300 | |a 1 Video cassette (VHS) (0:27) : |b sd., col. ; |c 1/2 in. | ||
| 440 | 4 | |a The construction of houses series II | |
| 650 | 0 | 0 | |a Walls |
| 999 | |a 1014 |b VIDEO |c Open Shelf |e Default branch | ||
| 999 | |a VHS1014 |b VIDEO |c Media Collection |e Default branch | ||